| 000 | 00515nam a2200181Ia 4500 | ||
|---|---|---|---|
| 003 | IN-BaIIA | ||
| 005 | 20250707091958.0 | ||
| 008 | 211028s9999 xx 000 0 eng d | ||
| 040 | _cIIA Library | ||
| 080 |
_a524(084.3) _bCOT |
||
| 100 |
_aCottom, Arthur _91060 |
||
| 245 | 0 |
_aCharts of the constellations _cArthur Cottom |
|
| 260 |
_aLondon _bEdward Stanford _c1889 |
||
| 300 | _a36p. | ||
| 650 |
_aConstellations _91061 |
||
| 650 | _aStars | ||
| 942 |
_cBK _2ddc |
||
| 999 |
_c459 _d459 |
||